Dane a ceny v input-output modeloch
Input-output analýza. Input-otput modely a ich súčasné využitie. Dane a ceny v input-output modeloch.
Uložené v:
| Hlavný autor: | |
|---|---|
| Médium: | Kapitola |
| Jazyk: | Slovak |
| Predmet: | |
| Tagy: |
Žiadne tagy, Buďte prvý, kto otaguje tento záznam!
|
MARC
| LEADER | 00000nla$a2200000$$$4500 | ||
|---|---|---|---|
| 001 | 0110357 | ||
| 005 | 20240502072221.8 | ||
| 041 | 0 | |a slo | |
| 044 | |a SK | ||
| 245 | 1 | 0 | |a Dane a ceny v input-output modeloch |c Barbara Lajzová |
| 520 | |a Input-output analýza. Input-otput modely a ich súčasné využitie. Dane a ceny v input-output modeloch. | ||
| 610 | 2 | 0 | |a modely input-output |
| 610 | 2 | 0 | |a dane |
| 610 | 2 | 0 | |a ceny |
| 100 | 1 | |a Lajzová, Barbara | |